Vista normal Vista MARC

Entrada Materia (personas)

Número de registros utilizados en: 6

001 - CONTROL NUMBER

  • control field: 133164

003 - CONTROL NUMBER IDENTIFIER

  • control field: Co-BoUCM

005 - DATE AND TIME OF LATEST TRANSACTION

  • control field: 20211020111418.0

008 - FIXED-LENGTH DATA ELEMENTS

  • fixed length control field: 211020|| aca||aabn | a|a d

040 ## - CATALOGING SOURCE

  • Original cataloging agency: Co-BoUCM
  • Transcribing agency: Co-BoUCM

100 ## - HEADING--PERSONAL NAME

  • Personal name: Cuauhtémoc Sánchez, Carlos
  • Dates associated with a name: 1964-

670 ## - SOURCE DATA FOUND

  • Source citation: Work cat.: (Co-BoUCM)52965: Cuauhtémoc Sánchez, Carlos 1964-, Sangre de campeón novela formativa con 24 directrices para convertirse en campeón, 2001